00454nam a2200181Ia 45000030006000000050017000060080041000230200018000640400009000820410012000910820020001031000019001232450037001422600027001793000008002065050029002146500029002430Nust20170105110247.0161124s9999 xx 000 0 und d a0-470-84409-4 cIGIS aEnglish a910.285 22bSTI aJohn Stillwell aApplied GIS and Spatial Analysis aUSAbWiley Pressc2004 a406 aGIS and Spatial Analysis aGIS and Spatial Analysis